Organic chemistry / (Record no. 5878)

000 -LEADER
fixed length control field 00774nam a2200253 a 4500
003 - CONTROL NUMBER IDENTIFIER
control field UkOxU
005 - DATE AND TIME OF LATEST TRANSACTION
control field 20220630070557.0
008 - FIXED-LENGTH DATA ELEMENTS--GENERAL INFORMATION
fixed length control field 081104s2010 njua 001 0 eng d
020 ## - INTERNATIONAL STANDARD BOOK NUMBER
International Standard Book Number 0558762166
020 ## - INTERNATIONAL STANDARD BOOK NUMBER
International Standard Book Number 9780558762162
040 ## - CATALOGING SOURCE
Transcribing agency StDuBDS
050 ## - LIBRARY OF CONGRESS CALL NUMBER
Classification number QD251.3
Item number .W33 2010
100 1# - MAIN ENTRY--PERSONAL NAME
Personal name Wade, L. G.,
Dates associated with a name 1947-
245 10 - TITLE STATEMENT
Title Organic chemistry /
Statement of responsibility, etc. L.G. Wade, Jr.
250 ## - EDITION STATEMENT
Edition statement 7th ed.
260 ## - PUBLICATION, DISTRIBUTION, ETC.
Place of publication, distribution, etc. Upper Saddle River, N.J. ;
-- London :
Name of publisher, distributor, etc. Prentice Hall,
Date of publication, distribution, etc. c2010.
300 ## - PHYSICAL DESCRIPTION
Extent xxviii, 1262, [22] p. :
Other physical details ill. ;
Dimensions 27 cm.
500 ## - GENERAL NOTE
General note Previous ed.: Upper Saddle River, N.J.: Pearson/Prentice Hall, 2006.
500 ## - GENERAL NOTE
General note Includes index.
650 #0 - SUBJECT ADDED ENTRY--TOPICAL TERM
Topical term or geographic name entry element Chemistry, Organic.
942 ## - ADDED ENTRY ELEMENTS (KOHA)
Source of classification or shelving scheme
Koha item type Book
Suppress in OPAC MM
Holdings
Withdrawn status Lost status Source of classification or shelving scheme Damaged status Not for loan Permanent Location Current Location Shelving location Date acquired Source of acquisition Total Checkouts Full call number Barcode Date last seen Price effective from Koha item type Public note
          AU LIBRARY AU LIBRARY Open Shelf 30.06.2022 DONATION FROM MOI UNIVERSITY   QD251.3 .W33 2010 28005330 30.06.2022 30.06.2022 Book MM

Powered by Koha